| 000 | 00804nam a2200241 4500 | ||
|---|---|---|---|
| 003 | OSt | ||
| 005 | 20240726060101.0 | ||
| 006 | a | ||
| 008 | 240726b |||||||| |||| 00| 0 eng d | ||
| 020 | _a9780415566568 | ||
| 040 |
_aDWCL-Main lib. _cOC |
||
| 082 |
_2Second edition _aCirc. 372.2101 T514b 2010 |
||
| 100 | _aThornton, Linda | ||
| 245 | _aBringing the Reggio approach to your early years practice / | ||
| 250 | _aSecond edition | ||
| 260 |
_aLondon : _bRoutledge, _cc2010. |
||
| 300 |
_avi, _b115 p. : ill. ; _c21 cm. |
||
| 504 | _aIncludes bibliographical references. | ||
| 650 | _a1. Education, Preschool-philosophy. | ||
| 650 | _a2. Early childhood education-Philosophy. | ||
| 650 | _a3. Education, Preschool-Italy-Reggio Emilia. | ||
| 942 |
_2ddc _n0 _cBK-CIRC _eSecond edition _kCirc. |
||
| 999 |
_c2806 _d2806 |
||